AH International Schools' Libraries

(KHMER) Biodiversity in the cardamom mountains / (Record no. 49888)

MARC details
000 -LEADER
fixed length control field 00319nam a2200109 4500
020 ## - INTERNATIONAL STANDARD BOOK NUMBER
International Standard Book Number 9789924341703
100 ## - MAIN ENTRY--PERSONAL NAME
Personal name Recamier, Francoise
9 (RLIN) 84676
245 ## - TITLE STATEMENT
Title (KHMER) Biodiversity in the cardamom mountains /
Statement of responsibility, etc Francoise Recamier
260 ## - PUBLICATION, DISTRIBUTION, ETC. (IMPRINT)
Place of publication, distribution, etc Cambodia
Name of publisher, distributor, etc Sipar
Date of publication, distribution, etc 2023
300 ## - PHYSICAL DESCRIPTION
Extent 35 p.
Other physical details col. ill.
Dimensions 25 cm.
942 ## - ADDED ENTRY ELEMENTS (KOHA)
Source of classification or shelving scheme
Koha item type Book
Holdings
Withdrawn status Lost status Source of classification or shelving scheme Damaged status Not for loan Collection code Home library Current library Shelving location Date acquired Total Checkouts Full call number Barcode Date last seen Price effective from Koha item type
          Siem Riep Asian Hope Siem Reap Asian Hope Siem Reap SECONDARY 12/09/2025   KHMER 551.43 REC 209780 12/09/2025 12/09/2025 Book

For any Logos Library related questions please contact Miss Art at swongnarasuk@asianhope.org.

For any Asian Hope Library related questions please contact Miss Raza at graza@asianhope.org.

Click here to explore our ebooks!

Powered by Koha